1166 1466 1758 1936 1125 1709 1036 1067 1093 1455 1802 1474 1127 1349 1991 1621 1325 1428 1087 1134 1351 1196 1155 1686 1959 1691 1667 1091 1440 1622 1090 1588 1330 1499 1379 1632 1477 1118 1091 1881 1946 1810 1736 1406 1341 1608 1272 1849 1212 1019 1981 1322 1479 1089 1244 1620 1542 1803 1329 1454 1238 1102 1258 1111 1298 1062 1783 1737 1826 1832 1797 1260 1880 1616 1271 1880 1133 1018 1933 1862 1262 1511 1309 1306 1074 1204 1589 1209 1526 1677 1896 1307 1538 1419 1456 1703 1206 1763 1461 BCNSPRNW ULIB Ver.6.0+V

เปลี่ยนเป็นภาษาไทย

Change to English
 แสดงรายละเอียดบรรณานุกรม
  กลับหน้าหลัก

Brief Record : Get Marc (ISO 2709) : E-mail record : QR code < ปิดหน้าต่าง
LEADER : 00000nam 2200000uu 4500
001    13399121131
003     ULIB
008    121106s2552||||th 000 0 tha d
020    ^a9789749748596
050  4 ^aLB1028^bร374ก
100    ^aรัตนะ บัวสนธิ์
245 00 ^aการวิจัยและพัฒนานวัตกรรมการศึกษา /^cรัตนะ บัวสนธิ์
250    ^aพิมพ์ครั้งที่ 6
260    ^aกรุงเทพฯ :^bคำสมัย,^c2552
300    ^a252 หน้า
650  7 ^aนวัตกรรมการศึกษา^xวิจัย
650  7 ^aการวิจัย
945    ^p250^l0^i16623
995    ^aวิภา
999 ^a ทศพร
รายการนี้ยังไม่มีแท็ก
คุณยังไม่ได้ล็อกอิน คุณสามารถมีกิจกรรมร่วมกับเว็บไซต์ได้ แต่ต้องล็อกอินก่อน ::
  ล็อกอิน

รายการสื่อสารสนเทศ

ลำดับที่ ประเภท เลขเรียก/บาร์โค้ด สถานที่ สถานะ
1. วิทยาศาสตร์การแพทย์ และสุขภาพ
วิทยาศาสตร์การแพทย์ และสุขภาพ
LB1028 ร374ก  
  Barcode: 16623
ห้องสมุดวิทยาเขตสวรรค์ประชารักษ์
►หนังสือทั่วไป
บนชั้น

รายการใกล้เคียง
    ผู้แต่ง [รัตนะ บัวสนธิ์]

    หัวเรื่อง [การวิจัย]

BibComment


ยังไม่เคยถูกคอมเมนท์

คอมเมนท์ทรัพยากรรายการนี้
  คอมเมนท์: การวิจัยและพัฒนา..


 Copyright 2026. Bcnsprnw @Library